| 000 | 00370nam a22001217a 4500 | ||
|---|---|---|---|
| 082 | _a220 PRO | ||
| 100 |
_aHAMAD,AHMED,QASIM UMAR KHAN _971568 |
||
| 245 | _aPR-SOF-1335-DESIGN AND IMPLEMENTATION OF A HYBR A MINE DETECTING SMART HOVERCRAFT | ||
| 260 |
_aISLAMABAD _bNUST COLLEGE OF EME _c2014 |
||
| 650 |
_aDE-ELECT-32 _971569 |
||
| 700 |
_aDR SALMAN _971570 |
||
| 942 | _cCR | ||
| 999 |
_c578016 _d578016 |
||